Průmysl cestovního ruchu /

Korporativní autor: GaRep (firma)
Další autoři: Galvasová, Iva, Evropský sociální fond
Jazyk: Čeština
Vydáno: Praha : Ministerstvo pro místní rozvoj ČR, 2008
Vydání: Vyd. 1.
Témata:
Fyzický popis: 262 s. : barev. il., mapy ; 26 cm
Knihy
Uloženo v:
LEADER 02160nam a2200565 a 4500
001 nkc20081817463
003 CZ PrNK
005 20100209064029.0
007 ta
008 090421s2008 xr ab f p 000 0 cze
015 |a cnb001817463 
020 |a 978-80-87147-06-1  |q (brož.) 
035 |a (OCoLC)403624779 
040 |a ABA001  |b cze 
043 |a e-xr--- 
072 7 |a 338.3/.4  |x Hospodářská a výrobní odvětví  |2 Konspekt  |9 4 
072 7 |a 37.016  |x Učební osnovy. Vyučovací předměty. Učebnice  |2 Konspekt  |9 22 
080 |a 338.48  |2 MRF 
080 |a 338.486  |2 MRF 
080 |a 338.481.32  |2 MRF 
080 |a (437.3)  |2 MRF 
080 |a (048.8)  |2 MRF 
080 |a (075)  |2 MRF 
245 0 0 |a Průmysl cestovního ruchu /  |c Iva Galvasová ... a kolektiv 
250 |a Vyd. 1. 
260 |a Praha :  |b Ministerstvo pro místní rozvoj ČR,  |c 2008 
300 |a 262 s. :  |b barev. il., mapy ;  |c 26 cm 
500 |a Pod názvem: GaRep, Společnost pro regionální ekonomické partnerství 
500 |a Na obálce nad názvem: Evropský sociální fond v ČR 
500 |a Terminologický slovník 
504 |a Obsahuje bibliografie a bibliografické odkazy 
650 0 7 |a cestovní ruch  |7 ph119113  |z Česko  |2 czenas 
650 0 7 |a management cestovního ruchu  |7 ph514345  |z Česko  |2 czenas 
650 0 7 |a politika cestovního ruchu  |7 ph473691  |z Česko  |2 czenas 
650 0 9 |a tourism  |z Czechia  |2 eczenas 
650 0 9 |a tourism management  |z Czechia  |2 eczenas 
650 0 9 |a tourism policy  |z Czechia  |2 eczenas 
655 7 |a monografie  |7 fd132842  |2 czenas 
655 7 |a učebnice  |7 fd133770  |2 czenas 
655 9 |a monographs  |2 eczenas 
655 9 |a textbooks  |2 eczenas 
700 1 |a Galvasová, Iva  |7 jx20070626018  |4 aut 
710 2 |a GaRep (firma)  |7 kn20090424007 
710 2 |a Evropský sociální fond  |7 kn20021211003 
910 2 |a BOA001  |b 3-1235.810 
990 |a BK 
995 |a 01 
991 |b 201002  |c NOV  |j 338.48 PRŮ 
996 6 |b 2610406459  |c 3-1235.810  |l MZK  |r Sklad / do 1 hodiny  |n 10  |p p.v.  |w 001105697  |u 000010  |a 1  |e BOA001  |j MZK50  |s P 
996 7 |b 2610406460  |c 3-1235.810  |l Vol.výběr  |r VV 0p  |n 46  |p p.v.  |h 338.48 PRŮ  |w 001105697  |u 000020  |a 0  |e BOA001  |j MZK50  |s A